| 000 | 00567nam a2200205 4500 | ||
|---|---|---|---|
| 001 | VA71616 | ||
| 003 | ES-SlBCS | ||
| 005 | 20210601161601.0 | ||
| 008 | 140520s1970 xxu||||| |||| 00| 0 spa d | ||
| 041 | _aspa | ||
| 100 | 1 |
_aKahler, Erich _938224 |
|
| 245 | 1 | 0 |
_a¿Qué es la historia? _cErich Kahler; Juan Almela |
| 260 |
_aMéxico : _bFondo de Cultura Económica _c, 1970 |
||
| 300 |
_a217 p.; _c17 cm |
||
| 490 | 0 |
_aBreviarios _v187 |
|
| 500 | _aTít. orig.: The meaning of history | ||
| 650 | 0 | 4 |
_aHistoria _92130 |
| 700 | 1 |
_aAlmela, Juan _927339 |
|
| 942 | _cBK | ||
| 999 |
_c843885 _d843885 |
||